|
|
|
|
| LEADER |
00000nam a2200000 i 4500 |
| 001 |
1/94932 |
| 008 |
081006s1998 eng d |
| 020 |
|
|
|a 1-85984-184-8
|
| 035 |
|
|
|l 10100640
|
| 040 |
|
|
|a GR-MY-UA
|b gre
|e aacr
|
| 041 |
0 |
|
|a eng
|
| 082 |
0 |
|
|a 320.959
|2 (22)
|
| 100 |
1 |
|
|a Anderson, Benedict R. O.'G.
|q (Benedict Richard O'Gorman)
|d 1936-
|
| 245 |
1 |
4 |
|a The spectre of comparisons :
|b nationalism, Southeast Asia, and the world /
|c Benedict Anderson
|
| 260 |
|
|
|a London :
|b Verso,
|c 1998
|
| 300 |
|
|
|a x, 374 σ.;
|b 1 χάρτης;
|c 25 εκ.
|
| 504 |
|
|
|a Περιέχει βιβλιογραφικές παραπομπές και ευρετήριο
|
| 650 |
0 |
0 |
|a Nationalism
|z Southeast Asia.
|
| 650 |
0 |
0 |
|a Nationalism.
|
| 651 |
|
0 |
|a Southeast Asia
|x Politics and government.
|
| 852 |
|
|
|a INST
|b LESVOS
|e 20081006
|h 320.959 AND
|p 005100043204
|q 005100043204
|t BK
|y 0
|
| 901 |
|
|
|a BIBL1-2008-3
|
| 909 |
|
|
|a Λ
|b 152076
|
| 922 |
|
|
|a 1ΕΛΗ
|b 200803
|c ΕΠΕΑΕΚ2/ΤΚΑ
|d ΕΛΕΥΘΕΡΟΥΔΑΚΗΣ
|
| 970 |
|
|
|a ΚΑΡΑ
|b ΓΙΑΣΕΜΗ
|z 2008/10/06
|